|
|
|
|
| LEADER |
00000nam#a22000001a#4500 |
| 001 |
00033700 |
| 003 |
AR-BaUAD |
| 005 |
20230908142409.0 |
| 008 |
151204s2008####sz#ao||##||||||||#||eng|d |
| 020 |
|
|
|a 9782888930105
|
| 040 |
|
|
|a AR-BaUAD
|b spa
|c AR-BaUAD
|
| 041 |
|
|
|a eng
|
| 044 |
|
|
|c ch
|2 ISO3166-1
|
| 080 |
|
|
|a 7.011:76
|
| 080 |
|
|
|a 7.011
|
| 080 |
|
|
|a 061.43
|
| 100 |
1 |
|
|a Stones, John
|
| 245 |
1 |
0 |
|a Display :
|b total design sourcebook : 2-D and 3-D design for exhibitions, galleries, museums, and trade shows
|
| 260 |
|
|
|a [Mies] :
|b RotoVision,
|c c2008
|
| 300 |
|
|
|a 272 p. :
|b il., fot. col., reprod.
|
| 505 |
|
|
|a The high style of Dorothy Draper -- 21_21 Design Sight -- Museum of Croydon -- Dance n.2 -- GE-Fortune Innovation Conference -- Installations for the Goodwood Festival of Speed -- Kink: Geography of the Erotic Imagination -- Musee du quai Branly -- CPH Experiments -- Mercedes-Benz Museum -- Rip Curl Canyon -- Stair-Stare -- EcoEdit -- Dreamspace -- Bob Dylan's American Journey, 1956-1966 -- PUMA Charity Tram -- New Model Introduction Meeting for Ford Lincoln Mercury -- Nestle Chocolate Museum -- Metropolitan Museum of Art, New York in Berlin -- Z.Box -- Louise T Blouin Institute -- Robina Tour Guide Robot -- Bloch Building, Nelson-Atkins Museum of Art -- Formula One: The Great Design Race -- Design for the Other 90 percent -- Elevating Design -- Herman Miller Showroom -- Museu da Lingua Portuguesa (Museum of the Portuguese Language) -- Hairywood -- The Exchange -- Dada -- Loisium Visitor Center -- 365: AIGA Annual Design Exhibition 27 -- Gameworld -- Visual Identity for Mori Arts Center -- Medicine Man and Medicine Now -- Museum of Broken Relationships -- Marcel Wanders Personal Editions -- Literaturmuseum der Moderne (Museum of Modern Literature) -- Where Are You? A Postman's Diary -- Paperworld 2007 -- The Miners' Story Project -- Signage for the City Museum at Old Treasury -- Barbados Concorde Experience -- Sonance Trade Show Exhibit -- Musee d'Art Moderne Grand-Duc Jean (Mudam) -- Urban Forest -- Bachhaus -- ScriptedbyPurpose -- Michelangelo Drawings: Closer to the Master -- Newport Tower Marketing Center -- London College of Fashion Graduate Show -- All That is Solid Melts into Air.
|
| 500 |
|
|
|a Contents: al comienzo de la obra.
|
| 500 |
|
|
|a Introduction: p. 6-10.
|
| 500 |
|
|
|a Index: p. 270-271.
|
| 500 |
|
|
|a Acknowledgments / John Stones.
|
| 653 |
|
|
|a ARQUITECTURA
|
| 653 |
|
|
|a ESPACIO
|
| 653 |
|
|
|a DISEÑO
|
| 653 |
|
|
|a TEORIA
|
| 653 |
|
|
|a ARQUITECTURA COMERCIAL
|
| 653 |
|
|
|a STANDS
|
| 653 |
|
|
|a MUSEOS
|
| 653 |
|
|
|a GALERIAS COMERCIALES
|
| 653 |
|
|
|a GALERIAS DE ARTE
|
| 653 |
|
|
|a EXPOSICIONES
|
| 653 |
|
|
|a EXHIBICIONES
|
| 653 |
|
|
|a IDENTIFICACION VISUAL
|
| 653 |
|
|
|a IMAGEN CORPORATIVA
|
| 653 |
|
|
|a DISEÑO GRAFICO
|
| 653 |
|
|
|a IDENTIDAD
|
| 653 |
|
|
|a COLOR
|
| 653 |
|
|
|a DISEÑO DE INTERIORES
|
| 653 |
|
|
|a ILUMINACION
|
| 655 |
|
|
|a TEXTO
|
| 852 |
|
|
|c FALTA UBICACION (campo 203)!!!
|
| 952 |
|
|
|0 0
|1 0
|4 0
|7 0
|9 41272
|a AR-BaUAD
|b AR-BaUAD
|d 2019-02-15
|e Compra Exp. 207.139/10
|i 34532
|l 0
|p 4we6534532
|r 2023-09-08 14:24:09
|w 2023-09-08
|y BK
|
| 990 |
|
|
|a Ej. No 1 : 34532 . 19/02/15 -- Compra Exp. 207.139/10 -- (198,90 pesos).
|b ADM
|
| 990 |
|
|
|a D200
|b TD
|
| 990 |
|
|
|a DG200
|b TD
|
| 990 |
|
|
|a NDL
|b OP
|
| 990 |
|
|
|a AAQ00033700
|b CC
|
| 998 |
|
|
|a AAQ
|b Bibun 76
|
| 942 |
|
|
|c BK
|
| 999 |
|
|
|c 21593
|d 21593
|